[Event "Schleswig Holstein-ch Seniors op 9th"]
[Site "Buesum"]
[Date "2015.10.06"]
[Round "8"]
[White "Lehmann, Erwin"]
[Black "Fuss, Jan"]
[Result "1-0"]
[WhiteElo "2001"]
[BlackElo "1936"]
[PlyCount "81"]
[EventDate "2015.09.28"]
[EventType "swiss"]
[EventRounds "9"]
[EventCountry "GER"]
[SourceTitle "EXT 2018"]
[Source "ChessBase"]
[SourceDate "2017.10.13"]
[SourceVersion "1"]
[SourceVersionDate "2017.10.13"]
[SourceQuality "1"]

1. c4 Nf6 2. g3 c5 3. Bg2 Nc6 4. Nc3 g6 5. Nf3 Bg7 6. d4 cxd4 7. Nxd4 0-0 8. 0-0 a6 9. b3 Qc7 10. Bb2 e6 11. Rc1 Qb8 12. Qd2 Nxd4 13. Qxd4 Nd5 14. Qd2 Nxc3 15. Bxc3 Bxc3 16. Rxc3 a5 17. Rd1 Ra6 18. Rd3 Qe5 19. Bf3 b5 20. cxb5 Qxb5 21. Rd6 Qc5 22. Rxa6 Bxa6 23. Qxd7 Bb5 24. Qd2 Qc7 25. Rc1 Qb6 26. Qc3 Qa6 27. a4 Bxe2 28. Bxe2 Qxe2 29. Qxa5 Qe4 30. Qc3 Rb8 31. Ra1 Qb7 32. Ra3 Rc8 33. Qd2 Qe4 34. a5 Rc2 35. Qe3 Qc6 36. Ra1 Rc3 37. Qf4 Rxb3 38. a6 Qa8 39. a7 Rb7 40. Qe4 Kg7 41. Qxb7 1-0

[Event "Schleswig Holstein-ch Seniors op 9th"]
[Site "Buesum"]
[Date "2015.10.01"]
[Round "4"]
[White "Dachrodt, Heinz Guenther"]
[Black "Fuss, Jan"]
[Result "1-0"]
[WhiteElo "1772"]
[BlackElo "1936"]
[PlyCount "87"]
[EventDate "2015.09.28"]
[EventType "swiss"]
[EventRounds "9"]
[EventCountry "GER"]
[SourceTitle "EXT 2018"]
[Source "ChessBase"]
[SourceDate "2017.10.13"]
[SourceVersion "1"]
[SourceVersionDate "2017.10.13"]
[SourceQuality "1"]

1. e4 e5 2. Nf3 Nc6 3. Bb5 a6 4. Bxc6 dxc6 5. d4 exd4 6. Qxd4 Be6 7. Qxd8+ Rxd8 8. 0-0 h6 9. Be3 Nf6 10. Nbd2 Be7 11. Bf4 Rd7 12. Ne5 Rd4 13. c3 Rd8 14. Nef3 Rc8 15. Nd4 Bd7 16. Nc4 c5 17. Nc2 0-0 18. f3 Bb5 19. N2a3 Bd7 20. Ne3 Nh5 21. Be5 f6 22. Bg3 Nxg3 23. hxg3 Bd6 24. g4 Be6 25. Nac4 Bf4 26. Nd5 Bxd5 27. exd5 Rfe8 28. Rfe1 Kf7 29. Kf1 b5 30. Na5 Bg3 31. Rxe8 Rxe8 32. Nb3 Bd6 33. Na5 Re5 34. Rd1 Kg6 35. b3 Re3 36. c4 Bg3 37. Nb7 Bd6 38. Re1 Rxe1+ 39. Kxe1 Kg5 40. Nxd6 cxd6 41. cxb5 axb5 42. a4 c4 43. a5 cxb3 44. Kd2 1-0

[Event "Schleswig Holstein-ch Seniors op 9th"]
[Site "Buesum"]
[Date "2015.09.29"]
[Round "2"]
[White "Glaeser, Wilfried"]
[Black "Fuss, Jan"]
[Result "1-0"]
[WhiteElo "2135"]
[BlackElo "1936"]
[PlyCount "91"]
[EventDate "2015.09.28"]
[EventType "swiss"]
[EventRounds "9"]
[EventCountry "GER"]
[SourceTitle "EXT 2018"]
[Source "ChessBase"]
[SourceDate "2017.10.13"]
[SourceVersion "1"]
[SourceVersionDate "2017.10.13"]
[SourceQuality "1"]

1. Nf3 Nf6 2. c4 g6 3. b3 Bg7 4. Bb2 c5 5. g3 b6 6. Bg2 Bb7 7. 0-0 0-0 8. Nc3 d6 9. d4 cxd4 10. Nxd4 Bxg2 11. Kxg2 Qc8 12. e3 Nbd7 13. Qe2 Ne5 14. Rfd1 Qb7+ 15. f3 Rac8 16. e4 a6 17. Rac1 Bh6 18. Rb1 Rfd8 19. Nd5 Nxd5 20. cxd5 Bf8 21. Rbc1 b5 22. f4 Nd7 23. Nc6 Re8 24. Qf3 e5 25. fxe5 Nxe5 26. Bxe5 dxe5 27. Qe3 Bd6 28. Rf1 Rc7 29. g4 Qc8 30. h3 Qb7 31. Na5 Qc8 32. Rxc7 Qxc7 33. Nc6 Rf8 34. Qa7 Qxa7 35. Nxa7 Ra8 36. Nc6 Kg7 37. g5 Rc8 38. Rf6 Bc7 39. d6 Bd8 40. d7 Ra8 41. Rd6 Kf8 42. b4 a5 43. bxa5 Ra6 44. Kf3 Rxc6 45. Rxc6 Ke7 46. a6 1-0

[Event "NRW Class2 1415"]
[Site "Germany"]
[Date "2015.03.01"]
[Round "7.7"]
[White "Mazarov, Juergen"]
[Black "Fuss, Jan"]
[Result "1/2-1/2"]
[WhiteElo "2111"]
[BlackElo "1689"]
[PlyCount "47"]
[EventDate "2014.09.14"]
[EventType "team-tourn"]
[EventRounds "9"]
[EventCountry "GER"]
[SourceTitle "EXT 2017"]
[Source "ChessBase"]
[SourceDate "2016.10.25"]
[SourceVersion "1"]
[SourceVersionDate "2016.10.25"]
[SourceQuality "1"]
[WhiteTeam "Bochum SG II"]
[BlackTeam "Herford Koenigsspringer"]
[WhiteTeamCountry "GER"]
[BlackTeamCountry "GER"]

1. e4 e5 2. Nf3 Nc6 3. Bb5 a6 4. Ba4 Nf6 5. d3 d6 6. c3 Be7 7. 0-0 b5 8. Bc2 0-0 9. h3 Na5 10. d4 exd4 11. cxd4 c5 12. Re1 Nc6 13. Nc3 Re8 14. Bf4 Bf8 15. Qd2 Bb7 16. Rad1 Rc8 17. Bg5 Be7 18. dxc5 dxc5 19. Qf4 Nd4 20. Nxd4 cxd4 21. Bxf6 Bxf6 22. e5 Qc7 23. Qxd4 Bxe5 24. Qh4 1/2-1/2

[Event "NRW Class2 1415"]
[Site "Germany"]
[Date "2014.10.05"]
[Round "2.8"]
[White "Kaeding, Rainer"]
[Black "Fuss, Jan"]
[Result "1-0"]
[WhiteElo "2129"]
[BlackElo "1689"]
[PlyCount "79"]
[EventDate "2014.09.14"]
[EventType "team-tourn"]
[EventRounds "9"]
[EventCountry "GER"]
[SourceTitle "EXT 2017"]
[Source "ChessBase"]
[SourceDate "2016.10.25"]
[SourceVersion "1"]
[SourceVersionDate "2016.10.25"]
[SourceQuality "1"]
[WhiteTeam "Katernberg II"]
[BlackTeam "Herford Koenigsspringer"]
[WhiteTeamCountry "GER"]
[BlackTeamCountry "GER"]

1. e4 e5 2. Nf3 Nc6 3. Bb5 a6 4. Bxc6 dxc6 5. d4 Bg4 6. dxe5 Qxd1+ 7. Kxd1 Bc5 8. Ke2 Bd4 9. c3 Bxe5 10. h3 Bxf3+ 11. Kxf3 0-0-0 12. Be3 Nf6 13. Nd2 Rhe8 14. Rad1 b6 15. g4 Nd7 16. Ke2 f6 17. Nc4 Re6 18. f3 Nf8 19. Rxd8+ Kxd8 20. f4 Bxf4 21. Rd1+ Ke7 22. Bxf4 Rxe4+ 23. Kf3 Rxc4 24. Bxc7 Ra4 25. Bxb6 Rxa2 26. Bc5+ Kf7 27. Ba3 Ne6 28. h4 Ke8 29. Ke4 Nc7 30. c4 Ne6 31. Kf5 Nf8 32. Re1+ Kd8 33. Bxf8 Rxb2 34. Bxg7 Rf2+ 35. Ke6 Rf4 36. Bxf6+ Kc8 37. g5 Rxh4 38. g6 Rh6 39. g7 Rg6 40. Rh1 1-0

[Event "GER-ch Seniors"]
[Site "Dresden"]
[Date "2012.08.17"]
[Round "9"]
[White "Fuss, Jan"]
[Black "Friedrich, Ekkehard"]
[Result "1-0"]
[WhiteElo "1751"]
[BlackElo "1889"]
[PlyCount "97"]
[EventDate "2012.08.09"]
[EventType "swiss"]
[EventRounds "9"]
[EventCountry "GER"]
[SourceTitle "EXT 2014"]
[Source "ChessBase"]
[SourceDate "2013.11.20"]
[SourceVersion "1"]
[SourceVersionDate "2013.11.20"]
[SourceQuality "1"]

1. e4 c5 2. c3 Nc6 3. d4 e6 4. d5 exd5 5. exd5 Qe7+ 6. Be3 Ne5 7. Be2 a6 8. Nf3 Nxf3+ 9. Bxf3 d6 10. 0-0 Qd7 11. Re1 Be7 12. Bxc5 Nf6 13. Bd4 0-0 14. a4 Bd8 15. Nd2 b5 16. axb5 Qxb5 17. c4 Qb8 18. Qc2 Nd7 19. Be4 h6 20. Nf3 Bf6 21. Rab1 Bxd4 22. Nxd4 Nc5 23. Bh7+ Kh8 24. b4 Nd7 25. Nc6 Qc7 26. Re7 Bb7 27. Bf5 Bxc6 28. dxc6 Qxc6 29. Bxd7 Qc7 30. Qe4 Rad8 31. Bc6 Qb8 32. g3 Qc8 33. Bd5 Rd7 34. Rxd7 Qxd7 35. Re1 Qa4 36. Qe7 Kg8 37. Qxd6 Re8 38. Rxe8+ Qxe8 39. Qxa6 Qe1+ 40. Kg2 Qxb4 41. Qc8+ Qf8 42. Qxf8+ Kxf8 43. Kf3 f6 44. Ke4 g6 45. Kd4 Ke7 46. Kc5 Kd7 47. Kb6 Kc8 48. c5 f5 49. c6 1-0

[Event "GER-ch Seniors"]
[Site "Dresden"]
[Date "2012.08.16"]
[Round "8"]
[White "Ries, Benjamin"]
[Black "Fuss, Jan"]
[Result "1-0"]
[WhiteElo "1962"]
[BlackElo "1751"]
[PlyCount "128"]
[EventDate "2012.08.09"]
[EventType "swiss"]
[EventRounds "9"]
[EventCountry "GER"]
[SourceTitle "EXT 2014"]
[Source "ChessBase"]
[SourceDate "2013.11.20"]
[SourceVersion "1"]
[SourceVersionDate "2013.11.20"]
[SourceQuality "1"]

1. e4 e5 2. Nf3 Nc6 3. Bb5 a6 4. Bxc6 dxc6 5. 0-0 Bd6 6. d3 Ne7 7. Nbd2 0-0 8. Nc4 Ng6 9. b3 Qe7 10. Bb2 f5 11. Qd2 fxe4 12. dxe4 Bg4 13. Ne1 Rad8 14. Nd3 Rf7 15. h3 Bc8 16. Qc3 Qg5 17. Ndxe5 Nxe5 18. Nxe5 Bxh3 19. Qxh3 Bxe5 20. Bxe5 Qxe5 21. Rad1 Rdf8 22. Qd3 Rf6 23. Qc4+ Kh8 24. Rd3 h6 25. Qd4 Qg5 26. e5 Rf4 27. Qe3 Qf5 28. Rd4 Rxd4 29. Qxd4 Qxc2 30. e6 Qe2 31. Qd7 Rf6 32. Qxc7 Rxe6 33. Qxb7 Rf6 34. a4 c5 35. Qc8+ Kh7 36. Qxc5 Qb2 37. Qe3 Qc2 38. Rc1 Qf5 39. Re1 Kh8 40. b4 Qg6 41. Qe8+ Kh7 42. Qxg6+ Kxg6 43. b5 axb5 44. axb5 Rb6 45. Rb1 Kf5 46. Kf1 Ke4 47. Ke2 Kd4 48. Kd2 Kc4 49. Ke3 Kd5 50. g4 Kc5 51. Ke4 Re6+ 52. Kf4 Rf6+ 53. Kg3 Rb6 54. f4 Rd6 55. Kf3 Rd4 56. f5 Rc4 57. Kg3 Rc2 58. Rb3 Rd2 59. Kh4 Rd4 60. Re3 Rd7 61. Re5+ Kb6 62. Re3 Rf7 63. Kh5 Rd7 64. Kg6 Kb7 1-0

[Event "GER-ch Seniors"]
[Site "Dresden"]
[Date "2012.08.11"]
[Round "3"]
[White "Fuss, Jan"]
[Black "Haselhorst, Helmut"]
[Result "0-1"]
[WhiteElo "1751"]
[BlackElo "2089"]
[PlyCount "64"]
[EventDate "2012.08.09"]
[EventType "swiss"]
[EventRounds "9"]
[EventCountry "GER"]
[SourceTitle "EXT 2014"]
[Source "ChessBase"]
[SourceDate "2013.11.20"]
[SourceVersion "1"]
[SourceVersionDate "2013.11.20"]
[SourceQuality "1"]

1. e4 Nf6 2. e5 Nd5 3. d4 d6 4. Nf3 Bg4 5. c4 Nb6 6. Be2 e6 7. 0-0 Be7 8. b3 0-0 9. Nbd2 dxe5 10. dxe5 Nc6 11. a3 Qd7 12. Re1 Rfd8 13. Qc2 Nd4 14. Qe4 Bxf3 15. Bxf3 Bg5 16. Ra2 c6 17. h4 Bh6 18. Qg4 Qe7 19. a4 Nf5 20. Ba3 Qxh4 21. Ne4 Qxg4 22. Bxg4 Nd4 23. a5 Nd7 24. Nd6 Rab8 25. Rb2 Bf4 26. Rbe2 Nxe2+ 27. Rxe2 Bxe5 28. f4 Bd4+ 29. Kf1 Bc5 30. Nxf7 Kxf7 31. Bxe6+ Kf8 32. b4 Be7 0-1